|
|
|
|
| LEADER |
00000nab a2200000 a 4500 |
| 001 |
vtls000685184 |
| 003 |
SK-MaSNL |
| 005 |
20260304084055.0 |
| 008 |
250425c1998 xo 0 slo |
| 015 |
|
|
|a SNBRB1999/01-02449
|
| 035 |
|
|
|a CLN000037351
|
| 035 |
|
|
|a urn:nbn:sk:snk-ab9ze4
|
| 035 |
|
|
|a (urnnbn)urn:nbn:sk:snk:ar-a0964i
|
| 035 |
|
|
|a (uuid)8214cc75-4531-46c0-abf9-dbe5bffc3804
|
| 040 |
|
|
|a SNKBUCL
|b slo
|c SNKBUCL
|e AACR2
|
| 041 |
0 |
|
|a slo
|
| 044 |
|
|
|a xo
|c SK
|
| 080 |
|
|
|a 796.412
|2 1997
|
| 100 |
1 |
|
|a Karácsony, István
|4 aut
|9 1083836
|
| 245 |
1 |
0 |
|a Rozbor kinematických parametrov techniky kruhov odbočmo na koni s držadlami
|c István Karácsony, Ivan Čuk
|
| 300 |
|
|
|b Grafy
|
| 504 |
|
|
|a Res. angl., nem.
|
| 650 |
0 |
7 |
|a gymnastika športová
|x cvičenie kruhov odbočmo na koni
|x parametre kinematické
|x rozbor
|2 snkbucl
|9 1375953
|
| 655 |
|
7 |
|a články z novín a časopisov
|2 snkbucl
|9 267496
|
| 700 |
1 |
|
|a Čuk, Ivan
|4 aut
|9 1375954
|
| 773 |
0 |
|
|t Telesná výchova a šport
|g Roč. 8, č. 4 (1998), s. 41-44
|x 1335-2245
|
| 850 |
|
|
|a Slovenská národná knižnica
|
| 852 |
|
|
|a Slovenská národná knižnica
|
| 954 |
|
|
|a odborná, vedecká literatúra pôvodná (slovenská)
|2 lita
|
| 958 |
|
|
|a article13
|
| 958 |
|
|
|a OND
|
| 958 |
|
|
|a EUIPO
|
| 992 |
|
|
|a RBX
|
| 999 |
|
|
|c 2802004
|d 2803934
|